Statistics for Guess these countries by their former flag

Click here to take the quiz!

General Stats

  • This quiz has been taken 58 times
    (31 since last reset)
  • The average score is 31 of 68

Answer Stats

Answer% Correct
Bangladesh
88%
India
85%
Finland
81%
United States
81%
Italy
73%
Turkey
73%
Argentina
69%
Hungary
69%
Mexico
69%
Portugal
69%
United Kingdom
69%
Croatia
65%
Japan
65%
Romania
65%
Brazil
62%
China
62%
Germany
62%
Ireland
62%
Syria
62%
Belgium
58%
Saudi Arabia
58%
Venezuela
58%
Canada
54%
Colombia
54%
France
54%
Libya
54%
Mali
54%
Ukraine
54%
Netherlands
50%
Rwanda
50%
South Africa
50%
Spain
50%
Afghanistan
46%
Cambodia
46%
Lesotho
46%
Serbia
46%
Costa Rica
42%
DR Congo
42%
Georgia
42%
Thailand
42%
Ethiopia
38%
Iran
38%
Iraq
38%
Mongolia
38%
Montenegro
38%
Russia
38%
Austria
35%
Greece
35%
Bosnia-Herzegovina
31%
Poland
31%
Vietnam
31%
Belarus
27%
Burma/Myanmar
27%
Comoros
27%
Peru
27%
Armenia
23%
Egypt
23%
Lithuania
23%
North Macedonia
23%
Switzerland
23%
Tanzania
23%
Malaysia
15%
Oman
15%
Seychelles
15%
Czech Republic
12%
El Salvador
12%
Morocco
12%
Algeria
4%

Score Distribution

Percentile by Number Answered

Percent of People with Each Score

Your Score History

You have not taken this quiz since the last reset